Úprava dizajnu časti automobilu pomocou reverzného inžinierstva
Saved in:
| Main Author: | |
|---|---|
| Other Authors: | |
| Format: | Manuscript Book |
| Language: | Slovak |
| Published: |
2018
|
| Subjects: | |
| Online Access: | http://is.stuba.sk/zp/portal_zp.pl?podrobnosti=137717 |
| Tags: |
No Tags, Be the first to tag this record!
|
MARC
| LEADER | 00000ntm a22000003a 4500 | ||
|---|---|---|---|
| 001 | stuzp68163 | ||
| 003 | SK-STU | ||
| 005 | 20180820160112.8 | ||
| 007 | ta | ||
| 008 | 150427s2015----xo-----f-mn---000-0-slo-d | ||
| 040 | |a STU |b slo | ||
| 041 | 0 | |a slo | |
| 100 | 1 | |a Nagy, Peter |u 063000 |4 aut |U MTF Materiálovotechnologická fakulta |T MTF Ústav výrobných technológií |X 75766 |U M3000 |Y 83 |7 75766 | |
| 242 | 0 | 1 | |a Design modification of selected part of car by reverse engineering |y eng |
| 245 | 1 | 0 | |a Úprava dizajnu časti automobilu pomocou reverzného inžinierstva |
| 260 | |c 2018 | ||
| 650 | 4 | |a reverzné inžinierstvo |2 slo | |
| 650 | 4 | |a priestorová digitalizácia |2 slo | |
| 650 | 4 | |a 3D optické skenovanie |2 slo | |
| 650 | 4 | |a metóda rýchlej výroby prototypov |2 slo | |
| 650 | 4 | |a FDM |2 slo | |
| 650 | 4 | |a reverse engineering |2 eng | |
| 650 | 4 | |a rapid prototyping |2 eng | |
| 650 | 4 | |a three-dimensional digitization |2 eng | |
| 650 | 4 | |a 3D optical scanning |2 eng | |
| 650 | 4 | |a FDM |2 eng | |
| 700 | 1 | |a Morovič, Ladislav |u 063600 |k Z1 |4 ths |U MTF Ústav výrobných technológií |T MTF Katedra obrábania a tvárnenia |X 38280 |U M3600 |Y 841 |7 A000038280 | |
| 856 | 4 | |u http://is.stuba.sk/zp/portal_zp.pl?podrobnosti=137717 | |
| 996 | |c M* BP-8299 |l MMSKP |s P |a 0 |w stuzp68163_0001 | ||